LEADER 01232nam a2200229 i 4500 001 000000034599 003 CaOOAMICUS 005 20160125000000.0 008 160125s1862 it u000 u ita u 013 $a1299 040 $aSeMil$bita 100 1 $aBoero, Giuseppe .$0(OLS)http://semarc/name/15906 245 10$aIstoria della vita e del martirio dei santi giapponesi Paolo Michi, Giovanni Soan De Goto e Giacomo Chisai della Compagnia di Gesù /$ccompilata dal p. Giuseppe Boero. 260 $aRoma :$bCoi tipi della Civiltà Cattolica,$c1862. 300 $aVI, 176 p., [1] c. di tav. :$bill. ;$c24 cm. 650 4$aGesuiti - Missioni - Giappone - Sec. 16.$0(OLS)http://semarc/subject/4135 650 4$aMartiri cristiani.$0(OLS)http://semarc/subject/1590 650 4$aMartiri cristiani - Giappone.$0(OLS)http://semarc/subject/5964 850 $aSeMil 852 $aSeMil$W1$xVenegono$y1$m3H IV 8 FA$j754$B754$CSeMilBibl$Z2$F754 $8I 996 $6245$aIstoria della vita e del martirio dei santi giapponesi Paolo Michi, Giovanni Soan De Goto e Giacomo Chisai della Compagnia di Gesù$9(OLS)http://semarc/title/46869 996 $6260$aRoma :$bCoi tipi della Civiltà Cattolica$9(OLS)http://semarc/publisher/37742 LEADER 01299nam a2200289 i 4500 001 000000119338 003 CaOOAMICUS 005 20170217000000.0 008 170217s2007 it u000 u ita u 013 $a92031 020 $a978-88-7402-357-8 040 $aSeMil$bita 100 1 $aBennardo, Michele.$0(OLS)http://semarc/name/93114 245 13$aIl diacono :$bchi è. Cosa fa. Come diventarlo /$cMichele Bennardo ... [et al.] ; Presentazione del Card. Severino Poletto. 260 $aCantalupa (Torino) :$bEffatà,$ccopyr. 2007. 300 $a156 p. ;$c21 cm. 490 0 $aTemi pastorali 500 $aContiene : Bibliografia ; Fondamenti biblici ; Fonti e bibliografia. 650 4$aDiaconato - Storia.$0(OLS)http://semarc/subject/9665 700 1 $aPoletto, Severino,$c.$0(OLS)http://semarc/name/33595 830 0$aTemi pastorali.$0(OLS)http://semarc/title/16149 850 $aSeMil 852 $aSeMil$W1$xVenegono$y1$m3G V 315$j74562$B74562$CSeMilBibl$Z2$F76775 $81 961 $aLascito: Coronelli don Renato 996 $6020$a978-88-7402-357-8$9(OLS)http://semarc/number/273390 996 $6245$aIl diacono :$bchi è. Cosa fa. Come diventarlo$9(OLS)http://semarc/title/407747 996 $6260$aCantalupa (Torino) :$bEffatà$9(OLS)http://semarc/publisher/30780